| 000 | 00748nam a22002417a 4500 | ||
|---|---|---|---|
| 005 | 20160127052955.0 | ||
| 008 | 090820s2010 nyua 001 0 eng | ||
| 020 | _a9780071602389 (alk. paper) | ||
| 020 | _a0071602380 (alk. paper) | ||
| 041 | 0 | _aeng | |
| 080 | _a004 | ||
| 100 | 1 | _aMills, Duncan. | |
| 245 | 1 | 0 |
_aOracle JDeveloper 11g handbook : _cDuncan Mills, Peter Koletzke, Avrom Roy-Faderman. |
| 260 |
_aNew York : _bOracle Press/McGraw-Hill, _c2010. |
||
| 300 |
_a864 f. : _bme il.; _c23 cm. |
||
| 505 | _aIndex: f. 821 - 864 | ||
| 630 | 0 | 0 | _aOracle JDeveloper. |
| 650 | 0 | _aKompjuterat | |
| 650 | 0 | _aInternet | |
| 700 | 1 | _aKoletzke, Peter. | |
| 700 | 1 | _aFaderman, Avrom. | |
| 942 |
_2udc _cBK |
||
| 999 |
_c681 _d681 |
||